[Event "IBCA Wch blind 14th"]
[Site "Cagliari"]
[Date "2019.04.07"]
[Round "2"]
[White "Gasperoni, Claudio"]
[Black "Tuka, Oleg"]
[Result "0-1"]
[WhiteElo "1799"]
[BlackElo "2367"]
[PlyCount "78"]
[EventDate "2019.04.06"]
[EventType "swiss"]
[EventRounds "9"]
[EventCountry "ITA"]
[SourceTitle "CBM 189 Extra"]
[Source "ChessBase"]
[SourceDate "2019.06.03"]
[SourceVersion "1"]
[SourceVersionDate "2019.06.03"]
[SourceQuality "1"]

1. d4 Nf6 2. Nf3 e6 3. e3 b6 4. Bd3 Bb7 5. 0-0 c5 6. Qe2 Be7 7. e4 c4 8. Bxc4 Bxe4 9. Bg5 Bb7 10. Nbd2 0-0 11. Ne5 Nd5 12. Bxd5 Bxd5 13. Bxe7 Qxe7 14. c4 Bb7 15. Rfe1 d6 16. Nef3 Nd7 17. d5 e5 18. Nd4 g6 19. Qg4 Nf6 20. Qg3 Qd7 21. Nb5 Nh5 22. Qa3 Rfd8 23. Ne4 Bxd5 24. cxd5 Qxb5 25. Nxd6 Qxd5 26. Ne4 Kg7 27. Qe7 Rd7 28. Qh4 Qe6 29. g4 Nf6 30. Nxf6 Qxf6 31. g5 Qf5 32. Re3 Rad8 33. Rh3 h5 34. gxh6+ Kh7 35. Re3 Rd4 36. Qe7 Rg4+ 37. Rg3 Rd2 38. Rf1 Kxh6 39. h3 Rxf2 0-1

[Event "ITA-ch blind 46th"]
[Site "Grisolia Lido"]
[Date "2018.09.06"]
[Round "4.2"]
[White "Gasperoni, Claudio"]
[Black "Raffi, Francesco"]
[Result "1-0"]
[WhiteElo "1761"]
[BlackElo "1440"]
[PlyCount "85"]
[EventDate "2018.09.03"]
[EventType "swiss"]
[EventRounds "6"]
[EventCountry "ITA"]
[SourceTitle "EXT 2024"]
[Source "ChessBase"]
[SourceDate "2023.10.10"]
[SourceVersion "1"]
[SourceVersionDate "2023.10.10"]
[SourceQuality "1"]

1. d4 d5 2. Nf3 Nf6 3. c4 e6 4. Bg5 Be7 5. Nc3 a6 6. e3 Bd7 7. cxd5 Nxd5 8. Nxd5 exd5 9. Bxe7 Qxe7 10. Qb3 Bc6 11. Bd3 Nd7 12. 0-0 g6 13. Rac1 0-0 14. a3 Qd6 15. Rc3 f6 16. Rfc1 Kg7 17. Qc2 Rf7 18. g3 Rc8 19. Bxa6 Nb8 20. Bf1 Be8 21. b4 c6 22. b5 Rfc7 23. a4 b6 24. bxc6 Rxc6 25. Rxc6 Rxc6 26. Qb2 Rxc1 27. Qxc1 Bxa4 28. Ne1 b5 29. Nd3 Na6 30. Nb2 Qa3 31. Qc8 Qxb2 32. Qxa6 Qb1 33. Qb7+ Kh6 34. Qxd5 b4 35. Qd6 Bb5 36. Qf8+ Kh5 37. Qc5+ Qf5 38. Qxf5+ gxf5 39. Bxb5 Kg6 40. f3 Kf7 41. Kf2 Ke6 42. Bc4+ Kd6 43. Ke2 1-0

[Event "IBCA-ol blind 15th"]
[Site "Ohrid"]
[Date "2017.06.27"]
[Round "8.4"]
[White "Gasperoni, Claudio"]
[Black "Gordon, Philip"]
[Result "1/2-1/2"]
[WhiteElo "1818"]
[BlackElo "1561"]
[PlyCount "84"]
[EventDate "2017.06.19"]
[EventType "team-swiss"]
[EventRounds "9"]
[EventCountry "MKD"]
[SourceTitle "CBM 179 Extra"]
[Source "ChessBase"]
[SourceDate "2017.08.23"]
[SourceVersion "1"]
[SourceVersionDate "2017.08.23"]
[SourceQuality "1"]
[WhiteTeam "Italy"]
[BlackTeam "England"]
[WhiteTeamCountry "ITA"]
[BlackTeamCountry "ENG"]

1. d4 e6 2. Nf3 Nf6 3. e3 b6 4. c4 Bb4+ 5. Bd2 Qe7 6. Be2 Ne4 7. 0-0 Bxd2 8. Nfxd2 Nxd2 9. Nxd2 Bb7 10. Bf3 Bxf3 11. Qxf3 c6 12. a3 d5 13. Qg3 0-0 14. cxd5 exd5 15. Rac1 Rd8 16. Rc2 Rd6 17. Nf3 Rg6 18. Qe5 Re6 19. Qf5 Nd7 20. Rfc1 Rc8 21. b4 b5 22. Ng5 Rg6 23. h4 h6 24. Rxc6 Rcxc6 25. Rxc6 hxg5 26. Rxg6 fxg6 27. Qxd5+ Kh7 28. hxg5 a6 29. e4 Nb6 30. Qc5 Qe6 31. f3 Nc4 32. Qc7 Ne3 33. Qc3 Nc4 34. d5 Qe7 35. Qc1 Qe5 36. Kf2 Qd4+ 37. Kg3 Kg8 38. Qf4 Qd1 39. Qb8+ Kh7 40. Qc8 Qe1+ 41. Kh2 Qe3 42. Qh3+ Kg8 1/2-1/2

[Event "IBCA EU-ch blind 06th"]
[Site "Lyon"]
[Date "2015.07.28"]
[Round "4"]
[White "Riegler, Dieter"]
[Black "Gasperoni, Claudio"]
[Result "1-0"]
[WhiteElo "2095"]
[BlackElo "1867"]
[PlyCount "69"]
[EventDate "2015.07.25"]
[EventType "swiss"]
[EventRounds "9"]
[EventCountry "FRA"]
[SourceTitle "CBM 167 Extra"]
[Source "ChessBase"]
[SourceDate "2015.09.14"]
[SourceVersion "1"]
[SourceVersionDate "2015.09.14"]
[SourceQuality "1"]

1. d4 d5 2. c4 e6 3. Nc3 c5 4. cxd5 exd5 5. Nf3 Nc6 6. g3 Nf6 7. Bg2 Be7 8. 0-0 0-0 9. dxc5 d4 10. Na4 Bf5 11. Bd2 Be4 12. b4 Qd5 13. Qb3 Qh5 14. b5 Ne5 15. Nxd4 Bxg2 16. Kxg2 Ne4 17. Bb4 Rfd8 18. Nf3 Bxc5 19. Nxc5 Nxc5 20. Bxc5 Nxf3 21. Qxf3 Qxc5 22. a4 b6 23. Rfd1 g6 24. Rdc1 Qe5 25. Ra3 Rac8 26. Re3 Qd6 27. Rxc8 Rxc8 28. Qb7 Rc7 29. Qa8+ Kg7 30. Re8 Qb4 31. Rg8+ Kh6 32. Qf3 Qc4 33. Qe3+ Kh5 34. f3 f5 35. h3 1-0

[Event "Arco op 31st"]
[Site "Arco"]
[Date "2009.10.24"]
[Round "9"]
[White "Buglisi, Massimo"]
[Black "Gasperoni, Claudio"]
[Result "1/2-1/2"]
[WhiteElo "1938"]
[BlackElo "1777"]
[PlyCount "66"]
[EventDate "2009.10.17"]
[EventType "swiss"]
[EventRounds "9"]
[EventCountry "ITA"]
[SourceTitle "EXT 2010"]
[Source "ChessBase"]
[SourceDate "2010.11.25"]
[SourceVersion "1"]
[SourceVersionDate "2010.11.25"]
[SourceQuality "1"]

1. d4 d5 2. c4 e6 3. Nc3 c5 4. cxd5 exd5 5. Nf3 Nc6 6. g3 Nf6 7. Bg2 Be7 8. 0-0 0-0 9. Bg5 cxd4 10. Nxd4 h6 11. Bf4 a6 12. Qa4 Re8 13. Nxc6 bxc6 14. Qxc6 Bd7 15. Qb7 Qc8 16. Qxc8 Raxc8 17. Rfd1 Bg4 18. h3 d4 19. Rxd4 Bc5 20. Rd2 g5 21. Bxg5 hxg5 22. hxg4 Nxg4 23. Ne4 Rxe4 24. Bxe4 Nxf2 25. Kg2 Nxe4 26. Rc2 Rb8 27. Rac1 g4 28. b3 Rd8 29. Rf1 Bd6 30. Rc6 a5 31. Ra6 Bb4 32. Rf4 Nc5 33. Rxg4+ Kf8 1/2-1/2

[Event "Alvise Zichichi mem 7th"]
[Site "Ladispoli"]
[Date "2009.09.26"]
[Round "5"]
[White "Gasperoni, Claudio"]
[Black "Attanasi, Salvatore"]
[Result "0-1"]
[WhiteElo "1770"]
[BlackElo "1822"]
[PlyCount "36"]
[EventDate "2009.09.19"]
[EventType "swiss"]
[EventRounds "8"]
[EventCountry "ITA"]
[SourceTitle "EXT 2012"]
[Source "ChessBase"]
[SourceDate "2011.11.24"]
[SourceVersion "1"]
[SourceVersionDate "2011.11.24"]
[SourceQuality "1"]

1. d4 f5 2. g3 Nf6 3. Bg2 g6 4. Nc3 Bg7 5. Nh3 d6 6. d5 0-0 7. Nf4 Na6 8. h4 Nc5 9. h5 g5 10. h6 Bh8 11. Nh5 g4 12. Ng7 e5 13. dxe6 c6 14. Nxf5 Bxe6 15. Qxd6 Bxf5 16. Qxc5 Bxc2 17. Qc4+ Rf7 18. Ne4 Qd1# 0-1

[Event "IBCA-ol blind 13th"]
[Site "Heraklion"]
[Date "2008.10.22"]
[Round "4.2"]
[White "Papadopoulos, Christos"]
[Black "Gasperoni, Claudio"]
[Result "1-0"]
[WhiteElo "1400"]
[BlackElo "1818"]
[PlyCount "55"]
[EventDate "2008.10.19"]
[EventType "team-swiss"]
[EventRounds "9"]
[EventCountry "GRE"]
[SourceTitle "EXT 2010"]
[Source "ChessBase"]
[SourceDate "2010.11.25"]
[SourceVersion "1"]
[SourceVersionDate "2010.11.25"]
[SourceQuality "1"]
[WhiteTeam "Greece (blind)"]
[BlackTeam "Italy (blind)"]
[WhiteTeamCountry "GRE"]
[BlackTeamCountry "ITA"]

1. e4 e5 2. Nf3 Nc6 3. Bb5 a6 4. Ba4 Nf6 5. 0-0 Be7 6. Re1 b5 7. Bb3 d6 8. h3 Na5 9. c3 Nxb3 10. Qxb3 0-0 11. d3 Be6 12. Qd1 h6 13. Nbd2 Nh7 14. Nf1 Ng5 15. Ng3 g6 16. Nh2 f5 17. exf5 gxf5 18. f4 exf4 19. Bxf4 Bd5 20. Qh5 Kh7 21. Re3 Bf7 22. Qe2 Bf6 23. Nxf5 Re8 24. Ng4 h5 25. Rxe8 Bxe8 26. Qxe8 hxg4 27. Qh5+ Kg8 28. Bxg5 1-0

[Event "Zichichi Memorial"]
[Site "Ladispoli"]
[Date "2008.05.??"]
[Round "2"]
[White "Gasperoni, Claudio"]
[Black "Caprio, Guido"]
[Result "0-1"]
[WhiteElo "1845"]
[BlackElo "2140"]
[PlyCount "40"]
[EventDate "2008.05.01"]
[EventType "swiss"]
[EventRounds "7"]
[EventCountry "ITA"]
[SourceTitle "EXT 2009"]
[Source "ChessBase"]
[SourceDate "2008.11.26"]
[SourceVersion "1"]
[SourceVersionDate "2008.11.26"]
[SourceQuality "1"]

1. d4 Nf6 2. Nf3 g6 3. c4 Bg7 4. Nc3 0-0 5. e4 d6 6. Be2 e5 7. d5 a5 8. Bg5 h6 9. Bh4 Na6 10. Nd2 Qe8 11. a3 Bd7 12. b3 Nh7 13. f3 h5 14. Rb1 Bh6 15. Bf2 Qe7 16. h4 Nc5 17. b4 axb4 18. axb4 Na4 19. Nb5 Bxb5 20. cxb5 Nc3 0-1

[Event "Zichichi Memorial"]
[Site "Ladispoli"]
[Date "2008.05.??"]
[Round "3"]
[White "Migliozzi, Giuseppe"]
[Black "Gasperoni, Claudio"]
[Result "0-1"]
[WhiteElo "1407"]
[BlackElo "1845"]
[PlyCount "91"]
[EventDate "2008.05.01"]
[EventType "swiss"]
[EventRounds "7"]
[EventCountry "ITA"]
[SourceTitle "EXT 2009"]
[Source "ChessBase"]
[SourceDate "2008.11.26"]
[SourceVersion "1"]
[SourceVersionDate "2008.11.26"]
[SourceQuality "1"]

1. Nf3 d5 2. b3 Bg4 3. Bb2 e6 4. e3 Nf6 5. c4 c6 6. Nc3 Nbd7 7. h3 Bh5 8. Be2 Bd6 9. 0-0 0-0 10. d4 Rc8 11. Bd3 Bb8 12. g4 Bg6 13. Bxg6 hxg6 14. Qc2 e5 15. dxe5 Nxe5 16. Nxe5 Bxe5 17. Rad1 Qe7 18. f4 Bd6 19. Rd3 Bc5 20. Nd1 Ne4 21. Rf3 Qh4 22. Kg2 Rfe8 23. g5 Bb6 24. Nf2 Nxf2 25. Qxf2 Qxf2+ 26. Kxf2 dxc4 27. bxc4 Rcd8 28. Bd4 c5 29. a4 cxd4 30. exd4 Rxd4 31. Rxd4 Bxd4+ 32. Kg3 Re3 33. Rxe3 Bxe3 34. Kf3 Bc1 35. Ke4 Kf8 36. f5 gxf5+ 37. Kxf5 g6+ 38. Ke5 Ke7 39. h4 Bd2 40. Kd5 Kd7 41. Kc5 Be1 42. Kb5 Bxh4 43. a5 Bxg5 44. c5 Kc7 45. a6 bxa6+ 46. Kxa6 0-1